Normal view MARC view

Entry Personal Name

Number of records used in: 1

001 - CONTROL NUMBER

  • control field: 32049

003 - CONTROL NUMBER IDENTIFIER

  • control field: OSt

005 - DATE AND TIME OF LATEST TRANSACTION

  • control field: 20220718123535.0

008 - FIXED-LENGTH DATA ELEMENTS

  • fixed length control field: 220718|| aca||aabn | a|a d

040 ## - CATALOGING SOURCE

  • Original cataloging agency: OSt
  • Transcribing agency: OSt

100 ## - HEADING--PERSONAL NAME

  • Personal name: Driezen, A., Verschraegen, G. and Clycq, N.

670 ## - SOURCE DATA FOUND

  • Source citation: Work cat.: (OSt)519159: Driezen, A., Verschraegen, G. and Clycq, N. , Religion and everyday cosmopolitanism among religious and non-religious urban youth

Powered by Koha